000 00470nam a2200217Ia 4500
001 13796
003 GE_BSU
008 181216s||||||||xx |||||||||||||| ||und||
020 _a9780330511605
040 _cGE_BSU
080 _a159.9
100 _aWiseman, Richard
245 _a59 Seconds.
245 _bThink a Little, Change a Lot
260 _aLondon
260 _bPan books
260 _c2009
300 _a357p.20cm.
653 _a59 Seconds.
942 _cBK
999 _c46943
_d46943